<?xml version="1.0" encoding="UTF-8"?>
<record
    xmlns:xsi="http://www.w3.org/2001/XMLSchema-instance"
    xsi:schemaLocation="http://www.loc.gov/MARC21/slim http://www.loc.gov/standards/marcxml/schema/MARC21slim.xsd"
    xmlns="http://www.loc.gov/MARC21/slim">

  <leader>01790nam0a2200373   4500</leader>
  <controlfield tag="001">RU\NLR\bibl\792449</controlfield>
  <controlfield tag="005">20260405152921.0</controlfield>
  <datafield tag="010" ind1=" " ind2=" ">
    <subfield code="a">5-225-04072-1</subfield>
    <subfield code="b">&#x432; &#x43F;&#x435;&#x440;.</subfield>
    <subfield code="9">1000</subfield>
  </datafield>
  <datafield tag="021" ind1=" " ind2=" ">
    <subfield code="a">RU</subfield>
    <subfield code="b">2004-79090</subfield>
    <subfield code="9">3902</subfield>
  </datafield>
  <datafield tag="035" ind1=" " ind2=" ">
    <subfield code="a">RSL-KNO-002555651</subfield>
  </datafield>
  <datafield tag="035" ind1=" " ind2=" ">
    <subfield code="a">(NLR Aleph) 000781679</subfield>
  </datafield>
  <datafield tag="090" ind1=" " ind2=" ">
    <subfield code="a">1065992</subfield>
    <subfield code="c">1065992</subfield>
  </datafield>
  <datafield tag="100" ind1=" " ind2=" ">
    <subfield code="a">20041221d2004    |||y0rusy50      ca</subfield>
  </datafield>
  <datafield tag="101" ind1="0" ind2=" ">
    <subfield code="a">rus</subfield>
  </datafield>
  <datafield tag="102" ind1=" " ind2=" ">
    <subfield code="a">RU</subfield>
  </datafield>
  <datafield tag="105" ind1=" " ind2=" ">
    <subfield code="a">a   |||||||||</subfield>
  </datafield>
  <datafield tag="106" ind1=" " ind2=" ">
    <subfield code="a">r</subfield>
  </datafield>
  <datafield tag="200" ind1="1" ind2=" ">
    <subfield code="a">&#x410;&#x43D;&#x442;&#x438;&#x431;&#x430;&#x43A;&#x442;&#x435;&#x440;&#x438;&#x430;&#x43B;&#x44C;&#x43D;&#x44B;&#x435; &#x43B;&#x435;&#x43A;&#x430;&#x440;&#x441;&#x442;&#x432;&#x435;&#x43D;&#x43D;&#x44B;&#x435; &#x441;&#x440;&#x435;&#x434;&#x441;&#x442;&#x432;&#x430;</subfield>
    <subfield code="e">&#x43C;&#x435;&#x442;&#x43E;&#x434;&#x44B; &#x441;&#x442;&#x430;&#x43D;&#x434;&#x430;&#x440;&#x442;&#x438;&#x437;&#x430;&#x446;&#x438;&#x438; &#x43F;&#x440;&#x435;&#x43F;&#x430;&#x440;&#x430;&#x442;&#x43E;&#x432;</subfield>
    <subfield code="e">[&#x43F;&#x43E;&#x441;&#x43E;&#x431;&#x438;&#x435;</subfield>
    <subfield code="f">&#x430;&#x43A;&#x430;&#x434;., &#x43F;&#x440;&#x43E;&#x444;. &#x412;.&#x413;. &#x41A;&#x443;&#x43A;&#x435;&#x441; &#x438; &#x434;&#x440;.</subfield>
    <subfield code="g">&#x440;&#x435;&#x434;. &#x441;&#x43E;&#x432;&#x435;&#x442;: &#x43F;&#x440;&#x435;&#x434;.- &#x447;&#x43B;.-&#x43A;&#x43E;&#x440;&#x440;. &#x420;&#x410;&#x41C;&#x41D; &#x420;. &#x423;. &#x425;&#x430;&#x431;&#x440;&#x438;&#x435;&#x432;]</subfield>
  </datafield>
  <datafield tag="210" ind1=" " ind2=" ">
    <subfield code="a">&#x41C;.</subfield>
    <subfield code="c">&#x41C;&#x435;&#x434;&#x438;&#x446;&#x438;&#x43D;&#x430;</subfield>
    <subfield code="d">2004</subfield>
    <subfield code="g">&#x41F;&#x41F;&#x41F; &#x422;&#x438;&#x43F;. &#x41D;&#x430;&#x443;&#x43A;&#x430;</subfield>
  </datafield>
  <datafield tag="215" ind1=" " ind2=" ">
    <subfield code="a">942, [1] &#x441;.</subfield>
    <subfield code="c">&#x438;&#x43B;., &#x442;&#x430;&#x431;&#x43B;.</subfield>
    <subfield code="d">22</subfield>
  </datafield>
  <datafield tag="606" ind1="1" ind2=" ">
    <subfield code="a">&#x410;&#x43D;&#x442;&#x438;&#x431;&#x430;&#x43A;&#x442;&#x435;&#x440;&#x438;&#x430;&#x43B;&#x44C;&#x43D;&#x44B;&#x435; &#x43F;&#x440;&#x435;&#x43F;&#x430;&#x440;&#x430;&#x442;&#x44B;</subfield>
    <subfield code="9">925212</subfield>
    <subfield code="3">RU\NLR\auth\6621085</subfield>
  </datafield>
  <datafield tag="610" ind1="0" ind2=" ">
    <subfield code="a">&#x417;&#x434;&#x440;&#x430;&#x432;&#x43E;&#x43E;&#x445;&#x440;&#x430;&#x43D;&#x435;&#x43D;&#x438;&#x435;. &#x41C;&#x435;&#x434;&#x438;&#x446;&#x438;&#x43D;&#x441;&#x43A;&#x438;&#x435; &#x43D;&#x430;&#x443;&#x43A;&#x438; -- &#x424;&#x430;&#x440;&#x43C;&#x430;&#x43A;&#x43E;&#x43B;&#x43E;&#x433;&#x438;&#x44F;. &#x424;&#x430;&#x440;&#x43C;&#x430;&#x446;&#x438;&#x44F;. &#x422;&#x43E;&#x43A;&#x441;&#x438;&#x43A;&#x43E;&#x43B;&#x43E;&#x433;&#x438;&#x44F; -- &#x424;&#x430;&#x440;&#x43C;&#x430;&#x43A;&#x43E;&#x43B;&#x43E;&#x433;&#x438;&#x44F; -- &#x41F;&#x440;&#x43E;&#x442;&#x438;&#x432;&#x43E;&#x43C;&#x438;&#x43A;&#x440;&#x43E;&#x431;&#x43D;&#x44B;&#x435; &#x441;&#x440;&#x435;&#x434;&#x441;&#x442;&#x432;&#x430; -- &#x41F;&#x43E;&#x441;&#x43E;&#x431;&#x438;&#x435; &#x434;&#x43B;&#x44F; &#x441;&#x43F;&#x435;&#x446;&#x438;&#x430;&#x43B;&#x438;&#x441;&#x442;&#x43E;&#x432;</subfield>
  </datafield>
  <datafield tag="686" ind1=" " ind2=" ">
    <subfield code="a">&#x420;281.81,07</subfield>
    <subfield code="2">rubbk</subfield>
  </datafield>
  <datafield tag="686" ind1=" " ind2=" ">
    <subfield code="a">&#x420;281.811</subfield>
  </datafield>
  <datafield tag="686" ind1=" " ind2=" ">
    <subfield code="a">&#x420;282.4</subfield>
  </datafield>
  <datafield tag="702" ind1=" " ind2="1">
    <subfield code="4">220</subfield>
    <subfield code="8">rus</subfield>
    <subfield code="7">ca</subfield>
    <subfield code="a">&#x41A;&#x443;&#x43A;&#x435;&#x441;</subfield>
    <subfield code="b">&#x412;. &#x413;.</subfield>
    <subfield code="f">1934-</subfield>
    <subfield code="g">&#x412;&#x43B;&#x430;&#x434;&#x438;&#x43C;&#x438;&#x440; &#x413;&#x440;&#x438;&#x433;&#x43E;&#x440;&#x44C;&#x435;&#x432;&#x438;&#x447;</subfield>
    <subfield code="3">RU\NLR\auth\7763975</subfield>
    <subfield code="9">46904</subfield>
  </datafield>
  <datafield tag="702" ind1=" " ind2="1">
    <subfield code="4">340</subfield>
    <subfield code="8">rus</subfield>
    <subfield code="7">ca</subfield>
    <subfield code="a">&#x425;&#x430;&#x431;&#x440;&#x438;&#x435;&#x432;</subfield>
    <subfield code="b">&#x420;.&#x423;.</subfield>
    <subfield code="f">1953-</subfield>
    <subfield code="g">&#x420;&#x430;&#x43C;&#x438;&#x43B;&#x44C; &#x423;&#x441;&#x43C;&#x430;&#x43D;&#x43E;&#x432;&#x438;&#x447;</subfield>
    <subfield code="3">RU\NLR\auth\7738081</subfield>
    <subfield code="9">21068</subfield>
  </datafield>
  <datafield tag="801" ind1=" " ind2="0">
    <subfield code="a">RU</subfield>
    <subfield code="b">RuMoRKP</subfield>
    <subfield code="c">20041221</subfield>
    <subfield code="g">rcr</subfield>
  </datafield>
  <datafield tag="801" ind1=" " ind2="1">
    <subfield code="a">RU</subfield>
    <subfield code="b">RuMoRGB</subfield>
    <subfield code="c">20041221</subfield>
  </datafield>
  <datafield tag="801" ind1=" " ind2="2">
    <subfield code="a">RU</subfield>
    <subfield code="b">NLR</subfield>
    <subfield code="c">20050425</subfield>
    <subfield code="g">PSBO</subfield>
  </datafield>
  <datafield tag="830" ind1=" " ind2=" ">
    <subfield code="a">&#x421;&#x43E;&#x441;&#x442;. &#x43F;&#x43E; &#x431;&#x430;&#x437;&#x435;</subfield>
  </datafield>
  <datafield tag="942" ind1=" " ind2=" ">
    <subfield code="c">BOOK</subfield>
  </datafield>
  <datafield tag="980" ind1=" " ind2=" ">
    <subfield code="a">NB</subfield>
  </datafield>
  <datafield tag="995" ind1=" " ind2=" ">
    <subfield code="5">2005-04-25</subfield>
    <subfield code="a">ad</subfield>
    <subfield code="b">NLR01</subfield>
    <subfield code="c">NLR01</subfield>
    <subfield code="e">RF3</subfield>
    <subfield code="f">905239</subfield>
    <subfield code="k">2005-5/2900</subfield>
    <subfield code="o">0</subfield>
    <subfield code="r">BOOK</subfield>
    <subfield code="s">200552900_</subfield>
  </datafield>
  <datafield tag="995" ind1=" " ind2=" ">
    <subfield code="5">2005-04-25</subfield>
    <subfield code="a">ad</subfield>
    <subfield code="b">NLR01</subfield>
    <subfield code="c">NLR01</subfield>
    <subfield code="e">RF3</subfield>
    <subfield code="f">905240</subfield>
    <subfield code="k">2005-5/2900</subfield>
    <subfield code="o">0</subfield>
    <subfield code="r">BOOK</subfield>
    <subfield code="s">200552900_</subfield>
  </datafield>
</record>
